000 00320nam a22001337a 4500
008 171004b xxu||||| |||| 00| 0 eng d
020 _a0393304108
041 _aeng
080 _a159.9
100 _a48
101 _aPSI
245 _aFREUD AND THE CULLTURE OF PSYCHOLOGY ANLYSIS
_cMARKUS.S
942 _2udc
_cBK
999 _c31630
_d31630